100 kiểu dao tiện : Những kiểu dao cắt gọt kim loại được cấp bằng sáng chế

Na minha lista:
Detalhes bibliográficos
Formato: Livro
Idioma:Undetermined
Publicado em: Hải Phòng Nhà xuất bản Hải Phòng 2001
Assuntos:
Tags: Adicionar Tag
Sem tags, seja o primeiro a adicionar uma tag!
Thư viện lưu trữ: Trung tâm Học liệu Trường Đại học Cần Thơ
LEADER 00572nam a2200193Ia 4500
001 CTU_94977
008 210402s9999 xx 000 0 und d
020 |c 22000 
082 |a 671.3 
082 |b M458 
245 0 |a 100 kiểu dao tiện : 
245 0 |b Những kiểu dao cắt gọt kim loại được cấp bằng sáng chế 
260 |a Hải Phòng 
260 |b Nhà xuất bản Hải Phòng 
260 |c 2001 
650 |a Metal 
650 |x Cutting 
904 |i Trúc 
980 |a Trung tâm Học liệu Trường Đại học Cần Thơ